00414 2200157 4500001002100000005001500021035002000036245006500056100002100121300001200142260004600154082000800200084001400208020002200222990001200244INLIS00000000000251820250604114311 a0010-06250001041 aSuper Modul KSN Geografi 3 :bGeografi 3 /cRonaldo Abubakar0 aRonaldo Abubakar a164 hlm aJakarta :bPT. Jakarta Sains Media,c2022 a900 a900 RON s a978-623-6111-38-3 a0754858